[Event "FRA T IV 09-10"]
[Site "Champagne Ardennes"]
[Date "2009.11.22"]
[Round "3"]
[White "Talbot, Remy"]
[Black "Robert, Emmanuel"]
[Result "1-0"]
[WhiteElo "1760"]
[BlackElo "1580"]
[PlyCount "95"]
[EventDate "2009.11.26"]
[EventType "match"]
[EventCountry "FRA"]

1. d4 d5 2. c4 e5 3. dxe5 d4 4. g3 c5 5. Bg2 Nc6 6. Nf3 Bf5 7. O-O Qd7 8. a3 f6
9. exf6 Nxf6 10. Re1 Be7 11. Bf4 Ne4 12. Nbd2 g5 13. Ne5 Nxe5 14. Bxe5 Bf6 15.
Nxe4 Bxe4 16. Bxf6 Bxg2 17. Bxh8 Qh3 18. Bf6 Bc6 19. f3 Qf5 20. Bg7 Kf7 21. g4
Qe6 22. Qd2 h6 23. Bxd4 Rd8 24. Qe3 Rxd4 25. Qxe6+ Kxe6 26. Rac1 Rd2 27. b3 a6
28. Rc3 Rb2 29. Re3+ Kf6 30. Rd1 Ra2 31. a4 Ra3 32. Kf2 Kf7 33. Rd6 Kg7 34.
Re7+ Kf8 35. Re3 Kg7 36. Rd1 Ra2 37. Red3 Ra3 38. Rb1 Kf7 39. Ke1 Ke6 40. Rd2
Ke5 41. Kd1 b5 42. Kc1 bxc4 43. bxc4 Bxa4 44. Rd5+ Kf4 45. Kd2 Ra2+ 46. Ke1 Ke3
47. Re5+ Kf4 48. Re4# 1-0

[Event "FRA T IV 09-10"]
[Site "Champagne Ardennes"]
[Date "2009.12.13"]
[Round "4"]
[White "Leghbali, Sophiane"]
[Black "Fageot, Julien"]
[Result "1-0"]
[WhiteElo "1881"]
[BlackElo "2050"]
[PlyCount "77"]
[EventDate "2009.11.26"]
[EventType "match"]
[EventCountry "FRA"]

1. e4 e6 2. d4 d5 3. exd5 exd5 4. Bd3 Nf6 5. Ne2 Bd6 6. Bf4 Nc6 7. Bxd6 Qxd6 8.
c3 Ne7 9. Ng3 h5 10. Qe2 h4 11. Nf5 Bxf5 12. Bxf5 O-O 13. Bd3 Ng6 14. O-O Rae8
15. Qf3 Nf4 16. Nd2 Re7 17. Rfe1 Rfe8 18. Rxe7 Rxe7 19. Nf1 Ne4 20. Bxe4 dxe4
21. Qg4 Re6 22. Ne3 h3 23. Nf5 Rg6 24. Qxg6 Qxg6 25. Ne7+ Kh7 26. Nxg6 Kxg6 27.
gxh3 f5 28. f3 e3 29. Re1 Nxh3+ 30. Kg2 Nf4+ 31. Kf1 e2+ 32. Rxe2 Nxe2 33. Kxe2
f4 34. Kd3 Kf5 35. h4 g6 36. c4 c6 37. b4 b6 38. a4 a6 39. d5 1-0

[Event "FRA T IV 09-10"]
[Site "Champagne Ardennes"]
[Date "2009.12.13"]
[Round "4"]
[White "Jouneau, Quentin"]
[Black "Flamant, Jacky"]
[Result "0-1"]
[WhiteElo "2033"]
[BlackElo "1878"]
[PlyCount "74"]
[EventDate "2009.11.26"]
[EventType "match"]
[EventCountry "FRA"]

1. e4 e6 2. Qe2 d5 3. exd5 Qxd5 4. Nc3 Qd8 5. Nf3 Nf6 6. d4 c5 7. Be3 cxd4 8.
O-O-O Bd7 9. Nxd4 Be7 10. g4 O-O 11. g5 Nd5 12. Nxd5 exd5 13. Qh5 Nc6 14. Rg1
Rc8 15. Bd3 g6 16. Qh6 Re8 17. Rg3 Bf8 18. Qh4 Nb4 19. a3 Nxd3+ 20. Rxd3 Re4
21. f4 Qc7 22. Rc3 Qd8 23. Rxc8 Qxc8 24. Rf3 Bg7 25. Qf2 Qc4 26. Nb3 Bf5 27.
Nd2 Qa2 28. Nxe4 Qxb2+ 29. Kd1 Bxe4 30. Rg3 Qa1+ 31. Bc1 Bb2 32. Qd2 Bxc1 33.
Qxc1 Qd4+ 34. Qd2 Qa1+ 35. Ke2 Qh1 36. Ke3 Qa1 37. Qd4 Qe1# 0-1

[Event "FRA T IV 09-10"]
[Site "Champagne Ardennes"]
[Date "2009.12.13"]
[Round "4"]
[White "Tournier, Timothee"]
[Black "Alcidi, Valentin"]
[Result "1-0"]
[WhiteElo "1887"]
[BlackElo "1818"]
[PlyCount "78"]
[EventDate "2009.11.26"]
[EventType "match"]
[EventCountry "FRA"]

1. d4 Nf6 2. c4 e6 3. g3 d5 4. Bg2 dxc4 5. Qa4+ c6 6. Qxc4 Nbd7 7. Nf3 Be7 8.
O-O O-O 9. Rd1 Nb6 10. Qc2 Qc7 11. Bf4 Bd6 12. Bxd6 Qxd6 13. e4 Qe7 14. Nbd2
Bd7 15. Rac1 Rac8 16. Qb3 c5 17. Qa3 Bc6 18. dxc5 Nbd7 19. Nd4 e5 20. Nxc6 Rxc6
21. b4 Rfc8 22. Qxa7 Nf8 23. Qa3 Ne6 24. Nb3 Ra6 25. Qb2 Ng5 26. h4 Ne6 27. Rd2
Nc7 28. Rcd1 Nb5 29. Bf1 Qe8 30. Bxb5 Qxb5 31. Rd8+ Rxd8 32. Rxd8+ Ne8 33. Qxe5
Re6 34. Nd4 Rxe5 35. Nxb5 Kf8 36. Nd6 Re7 37. Rxe8+ Rxe8 38. Nxe8 Kxe8 39. f4
Kd7 1-0

[Event "FRA T IV 09-10"]
[Site "Champagne Ardennes"]
[Date "2009.12.13"]
[Round "4"]
[White "Guyon, Cyndie"]
[Black "Ferrand, Christophe"]
[Result "1/2-1/2"]
[WhiteElo "1900"]
[BlackElo "1904"]
[PlyCount "125"]
[EventDate "2009.11.26"]
[EventType "match"]
[EventCountry "FRA"]

1. d4 Nf6 2. Bg5 e6 3. e3 Be7 4. Nd2 O-O 5. Bd3 d5 6. f4 c5 7. c3 cxd4 8. exd4
b6 9. Ne2 Ba6 10. Bb1 Nbd7 11. Ng3 Re8 12. Nh5 g6 13. Nxf6+ Nxf6 14. Qf3 Qd7
15. Bd3 Bxd3 16. Qxd3 Nh5 17. Bxe7 Qxe7 18. O-O Ng7 19. Nf3 Nf5 20. Ng5 f6 21.
Nf3 Nd6 22. Rae1 Ne4 23. Nd2 f5 24. Nf3 Rac8 25. Ne5 Rc7 26. Rf3 Rec8 27. Rh3
Qe8 28. Rh6 Rg7 29. Qh3 Rcc7 30. Qd3 Qe7 31. Qb5 g5 32. fxg5 Nxg5 33. Re2 Ne4
34. Rh3 Nd6 35. Qd3 Ne4 36. Nf3 Qe8 37. Nd2 Qa4 38. Nxe4 dxe4 39. Qb1 Qc4 40.
Ree3 Qd5 41. a3 Rg4 42. Rhg3 Rcg7 43. Rxg4 Rxg4 44. Qe1 Qb3 45. h3 Rg6 46. Qe2
Qd5 47. Qf2 Qd6 48. Qh4 a5 49. Qf2 a4 50. Qh4 b5 51. Qf2 Qd8 52. Rg3 Qf6 53.
Qf4 Rxg3 54. Qxg3+ Kf7 55. Qf4 Kg6 56. Qb8 e3 57. Qxb5 Qh4 58. Qe8+ Kg7 59.
Qd7+ Kf8 60. Qd6+ Kf7 61. Qd7+ Kf8 62. Qd6+ Kf7 63. Qd7+ 1/2-1/2

[Event "FRA T IV 09-10"]
[Site "Champagne Ardennes"]
[Date "2009.12.13"]
[Round "4"]
[White "Fournier, Manuel"]
[Black "Prioux, Michel"]
[Result "1-0"]
[WhiteElo "1926"]
[BlackElo "1814"]
[PlyCount "77"]
[EventDate "2009.11.26"]
[EventType "match"]
[EventCountry "FRA"]

1. e4 c6 2. d4 d5 3. Nc3 dxe4 4. Nxe4 Bf5 5. Ng3 Bg6 6. h4 h6 7. h5 Bh7 8. Nf3
Nd7 9. Bd3 Bxd3 10. Qxd3 e6 11. Bf4 Qa5+ 12. Bd2 Qc7 13. O-O-O Ngf6 14. Kb1 Be7
15. Ne4 Nxe4 16. Qxe4 Nf6 17. Qe2 O-O 18. Ne5 a5 19. g4 Rfd8 20. g5 hxg5 21.
Bxg5 Qb6 22. c3 c5 23. Be3 cxd4 24. Bxd4 Qa6 25. Qf3 Qb5 26. Rhg1 Ba3 27. Rd2
Bf8 28. Qxf6 Qf1+ 29. Rxf1 gxf6 30. Nf3 e5 31. Be3 e4 32. Nd4 Rd5 33. h6 Rh5
34. Rfd1 f5 35. Ne2 Bxh6 36. Bxh6 Rxh6 37. Ng3 Rf6 38. Rd8+ Rxd8 39. Rxd8+ 1-0

[Event "FRA T IV 09-10"]
[Site "Champagne Ardennes"]
[Date "2009.12.13"]
[Round "4"]
[White "Renard, Luc"]
[Black "Chittier, Celine"]
[Result "1-0"]
[WhiteElo "1710"]
[BlackElo "1870"]
[PlyCount "77"]
[EventDate "2009.11.26"]
[EventType "match"]
[EventCountry "FRA"]

1. d4 d5 2. Nf3 e6 3. Bg5 Nf6 4. Nbd2 c5 5. c3 Nc6 6. e3 Bd6 7. Bd3 O-O 8. O-O
a6 9. Re1 cxd4 10. exd4 Be7 11. Ne5 h6 12. Bxf6 Bxf6 13. f4 Bd7 14. Qh5 Be8 15.
Rf1 Nxe5 16. fxe5 Bg5 17. Qe2 Bxd2 18. Qxd2 b5 19. Qe2 Bd7 20. a3 Rb8 21. Rf3
f6 22. exf6 Rxf6 23. Rxf6 Qxf6 24. Rf1 Qg5 25. Qf2 Qe7 26. Qf4 Rf8 27. Qxf8+
Qxf8 28. Bh7+ Kxh7 29. Rxf8 Kg6 30. Kf2 a5 31. b3 a4 32. b4 Bc6 33. Kg3 Kh7 34.
Kf4 g6 35. Ke5 Kg7 36. Rf2 Bd7 37. Kd6 Be8 38. Kxe6 g5 39. Kxd5 1-0

[Event "FRA T IV 09-10"]
[Site "Champagne Ardennes"]
[Date "2009.12.13"]
[Round "4"]
[White "Brun, Franck"]
[Black "Husson, Christophe"]
[Result "1-0"]
[WhiteElo "1800"]
[BlackElo "1750"]
[PlyCount "143"]
[EventDate "2009.11.26"]
[EventType "match"]
[EventCountry "FRA"]

1. e4 c5 2. Nf3 Nc6 3. d4 cxd4 4. Nxd4 Nf6 5. Nc3 e5 6. Ndb5 d6 7. Bg5 a6 8.
Na3 Be7 9. Bxf6 Bxf6 10. Nd5 Be7 11. c3 b5 12. Be2 O-O 13. O-O f5 14. exf5 Bxf5
15. Bf3 Rc8 16. Nc2 Bxc2 17. Qxc2 Nd4 18. Nxe7+ Qxe7 19. Bd5+ Kh8 20. Qd2 Ne6
21. Rad1 Nf4 22. g3 Nxd5 23. Qxd5 Rf6 24. Rd2 Qc7 25. Rfd1 Rd8 26. Qxe5 Rdf8
27. Qd4 Qc8 28. Qb4 Qf5 29. f4 Qe6 30. Qd4 Qg4 31. Rf1 Qc8 32. Qd5 Qc7 33. Re1
Qc5+ 34. Qxc5 dxc5 35. Red1 h6 36. Rd6 c4 37. Kf2 Kh7 38. Rxf6 Rxf6 39. Rd7 Re6
40. Rd5 Kg8 41. a4 bxa4 42. Ra5 Rb6 43. Rxa4 Rxb2+ 44. Ke3 Rxh2 45. Rxa6 Rg2
46. Rg6 Kf7 47. Rg4 h5 48. Rg5 g6 49. Kd4 Ra2 50. Kxc4 h4 51. gxh4 Ra4+ 52. Kd5
Rxf4 53. h5 gxh5 54. Rxh5 Ra4 55. Rh7+ Kf6 56. c4 Ra8 57. Rd7 Ra5+ 58. c5 Rb5
59. Kc6 Rb1 60. Kc7 Ke6 61. Rd2 Rc1 62. c6 Rc3 63. Kb7 Rb3+ 64. Kc8 Rc3 65. c7
Ke7 66. Rd7+ Ke8 67. Rd8+ Ke7 68. Rh8 Rc2 69. Rh6 Rc3 70. Rb6 Rc2 71. Kb8 Kd7
72. Rb7 1-0

[Event "FRA T IV 09-10"]
[Site "Champagne Ardennes"]
[Date "2009.12.13"]
[Round "4"]
[White "Walzecka, Jerome"]
[Black "Guyot, Philippe"]
[Result "1/2-1/2"]
[WhiteElo "1870"]
[BlackElo "2001"]
[PlyCount "133"]
[EventDate "2009.11.26"]
[EventType "match"]
[EventCountry "FRA"]

1. d4 Nf6 2. Nf3 e6 3. Bg5 d5 4. e3 Be7 5. Bd3 Nbd7 6. Nbd2 c5 7. c3 cxd4 8.
exd4 O-O 9. Qc2 h6 10. h4 b6 11. O-O-O a5 12. Rdg1 Ba6 13. Bf4 Bxd3 14. Qxd3 b5
15. Qxb5 Ng4 16. Qe2 Qb6 17. Ne1 h5 18. f3 Ngf6 19. g4 hxg4 20. fxg4 Rfc8 21.
Nb1 Qxd4 22. Be3 Qc4 23. Qxc4 Rxc4 24. g5 Nh5 25. Nd2 Rcc8 26. Ndf3 g6 27. Nd3
a4 28. Kc2 Bd6 29. Bd4 Ng3 30. Rh3 Ne2 31. Rf1 Nxd4+ 32. Nxd4 e5 33. Ne2 a3 34.
b3 d4 35. c4 e4 36. Nxd4 exd3+ 37. Kxd3 Nc5+ 38. Kc2 Be5 39. Ne2 Ne6 40. Rhf3
Ra7 41. Rd3 Re7 42. Rd5 Bb2 43. Nc3 Nc5 44. Rfd1 Re3 45. Rd8+ Rxd8 46. Rxd8+
Kg7 47. Nd1 Re2+ 48. Rd2 Rxd2+ 49. Kxd2 Nxb3+ 50. Kc2 Nd4+ 51. Kb1 Kf8 52. Nxb2
axb2 53. Kxb2 Ke7 54. a4 Nc6 55. Kc3 Kd6 56. Kd3 Kc5 57. Ke4 Kxc4 58. Kf4 Kd5
59. a5 Ke6 60. a6 Na7 61. Kg4 Ke7 62. h5 gxh5+ 63. Kxh5 Kf8 64. Kh6 Kg8 65. g6
f6 66. g7 f5 67. Kg5 1/2-1/2

[Event "FRA T IV 09-10"]
[Site "Champagne Ardennes"]
[Date "2009.12.13"]
[Round "4"]
[White "Crepaux, Jean Marie"]
[Black "Noizet, Donatien"]
[Result "1/2-1/2"]
[WhiteElo "1940"]
[BlackElo "1840"]
[PlyCount "69"]
[EventDate "2009.11.26"]
[EventType "match"]
[EventCountry "FRA"]

1. e4 e5 2. Bc4 Nc6 3. Nf3 Bc5 4. d3 Nf6 5. Bg5 h6 6. Bh4 d6 7. h3 a6 8. Nc3
Na5 9. Bb3 Nxb3 10. axb3 c6 11. O-O g5 12. Bg3 g4 13. Nh4 gxh3 14. Na4 Ba7 15.
Nf5 Bxf5 16. exf5 hxg2 17. Kxg2 Qd7 18. Qf3 Rg8 19. Rh1 h5 20. Nc3 O-O-O 21.
Ne4 Qe7 22. Nxf6 Qxf6 23. Rxh5 e4 24. dxe4 Qxb2 25. Re1 Qxc2 26. Rh7 Rg5 27.
Rxf7 Rdg8 28. Re2 Qd1 29. Rh7 Bxf2 30. Rxf2 Rxg3+ 31. Qxg3 Rxg3+ 32. Kxg3 Qg1+
33. Rg2 Qe3+ 34. Kh2 Qf4+ 35. Kh3 1/2-1/2

[Event "FRA T IV 09-10"]
[Site "Champagne Ardennes"]
[Date "2009.12.13"]
[Round "4"]
[White "Ligier, Jeremy"]
[Black "Sohier, Renaud"]
[Result "1-0"]
[WhiteElo "2118"]
[BlackElo "2060"]
[PlyCount "71"]
[EventDate "2009.11.26"]
[EventType "match"]
[EventCountry "FRA"]

1. d4 d5 2. Nf3 Nf6 3. c4 c6 4. Nc3 dxc4 5. a4 Bd7 6. a5 e6 7. Ne5 Bb4 8. Nxc4
O-O 9. Bg5 c5 10. e3 cxd4 11. exd4 Nc6 12. a6 b6 13. Be2 h6 14. Be3 Nd5 15. Qd3
Nxe3 16. fxe3 Qh4+ 17. g3 Qf6 18. h4 Rfd8 19. g4 Ne7 20. O-O-O Rac8 21. Rdf1
Qg6 22. Qxg6 Nxg6 23. Kc2 Bxc3 24. bxc3 Bb5 25. Kb3 Bxa6 26. Ra1 Bb7 27. Rh2
Bd5 28. h5 Ne7 29. e4 Bxe4 30. Rxa7 Nc6 31. Ra6 Bd5 32. Kb2 Nb8 33. Nxb6 Rc6
34. Nxd5 Nxa6 35. Ne7+ Kf8 36. Nxc6 1-0

[Event "FRA T IV 09-10"]
[Site "Champagne Ardennes"]
[Date "2009.12.13"]
[Round "4"]
[White "Lambert, Alban"]
[Black "Delambre, Thierry"]
[Result "0-1"]
[WhiteElo "1850"]
[BlackElo "1910"]
[PlyCount "122"]
[EventDate "2009.11.26"]
[EventType "match"]
[EventCountry "FRA"]

1. e4 e6 2. d4 d5 3. e5 c5 4. c3 Bd7 5. Be3 Qb6 6. Qc2 Bb5 7. Be2 Bxe2 8. Nxe2
Nc6 9. O-O cxd4 10. Bxd4 Bc5 11. Rd1 Nge7 12. b4 Bxd4 13. Nxd4 Nxe5 14. Nd2 O-O
15. Re1 N7c6 16. N2f3 Nxd4 17. Nxd4 Nc4 18. Nb3 Rac8 19. Nd2 Qd6 20. Nf3 h6 21.
Rad1 Nb6 22. Qb3 Rc7 23. Nd4 a6 24. Re2 Rfc8 25. Rc2 Rc4 26. Rdc1 Qf4 27. Ne2
Qe4 28. Ng3 Qd3 29. h3 Nd7 30. Nf1 Ne5 31. Rd2 Qg6 32. Ne3 Nf3+ 33. Kh1 Nxd2
34. Qb2 Qd3 35. Rd1 Rxc3 36. Rxd2 Rc1+ 37. Kh2 Qc3 38. Qxc3 R8xc3 39. g4 Ra3
40. Kg3 b5 41. Kf4 Kf8 42. h4 Ke7 43. Re2 Kd6 44. h5 Ra1 45. f3 R1xa2 46. Re1
Rc3 47. g5 Raa3 48. g6 fxg6 49. hxg6 e5+ 50. Kg4 Rxe3 51. Rxe3 Rxe3 52. f4 exf4
53. Kxf4 d4 54. Kf5 d3 55. Kf4 Re8 56. Kf5 d2 57. Kf4 d1=Q 58. Kg3 Qd4 59. Kf3
Re3+ 60. Kf2 Qd2+ 61. Kf1 Re1# 0-1

[Event "FRA T IV 09-10"]
[Site "Champagne Ardennes"]
[Date "2009.12.13"]
[Round "4"]
[White "Robert, Emmanuel"]
[Black "Collinet, Laurent"]
[Result "1-0"]
[WhiteElo "1580"]
[BlackElo "1810"]
[PlyCount "82"]
[EventDate "2009.11.26"]
[EventType "match"]
[EventCountry "FRA"]

1. e4 c5 2. Nf3 d6 3. d4 cxd4 4. Nxd4 Nf6 5. Nc3 a6 6. Bg5 e6 7. f4 Be7 8. Bd3
Qc7 9. Qd2 Nbd7 10. Rf1 b5 11. f5 e5 12. Ne6 fxe6 13. fxe6 Nc5 14. Bxf6 Bxf6
15. Nd5 Qd8 16. Rxf6 gxf6 17. e7 Qxe7 18. Nxe7 Kxe7 19. O-O-O Bb7 20. b4 Nxd3+
21. Qxd3 Rad8 22. Qe3 Rhf8 23. Qa7 Rd7 24. Qb6 Rc8 25. Rxd6 Rxd6 26. Qxb7+ Kd8
27. Qxh7 Rdc6 28. Qg8+ Ke7 29. Qb3 Rc3 30. Qb1 Re3 31. Kb2 Rxe4 32. Qg1 Rxb4+
33. Ka3 Rd4 34. Qf2 Rc7 35. h4 Rdc4 36. Kb3 a5 37. h5 Rc3+ 38. Kb2 Rxc2+ 39.
Qxc2 Rxc2+ 40. Kxc2 f5 41. Kd3 Kf6 1-0

[Event "FRA T IV 09-10"]
[Site "Champagne Ardennes"]
[Date "2009.12.13"]
[Round "4"]
[White "Pithois, Fabien"]
[Black "Noizet, Regis"]
[Result "1-0"]
[WhiteElo "1920"]
[BlackElo "1575"]
[PlyCount "69"]
[EventDate "2009.11.26"]
[EventType "match"]
[EventCountry "FRA"]

1. c4 e5 2. Nc3 Nf6 3. g3 Bc5 4. Bg2 O-O 5. d3 c6 6. Nf3 Re8 7. O-O d6 8. Na4
Nbd7 9. Nxc5 Nxc5 10. b4 Ne6 11. Bb2 Bd7 12. e3 a5 13. a3 axb4 14. axb4 Rxa1
15. Qxa1 Qb8 16. Nd2 c5 17. b5 Ng4 18. h3 Nf6 19. Qa3 Nc7 20. Ra1 Qc8 21. Kh1
b6 22. Qa7 Qb8 23. Ne4 Nxe4 24. Bxe4 Be6 25. Bc6 Rd8 26. e4 Kf8 27. Qa3 f5 28.
f3 Ke7 29. Qc3 g5 30. f4 gxf4 31. gxf4 Rg8 32. fxe5 fxe4 33. exd6+ Kxd6 34.
Qe5+ Ke7 35. Qf6+ 1-0

[Event "FRA T IV 09-10"]
[Site "Champagne Ardennes"]
[Date "2009.12.13"]
[Round "4"]
[White "Lhoest, Alain"]
[Black "Schelfhout Melin, Marie"]
[Result "1/2-1/2"]
[WhiteElo "1720"]
[BlackElo "1900"]
[PlyCount "87"]
[EventDate "2009.11.26"]
[EventType "match"]
[EventCountry "FRA"]

1. e4 e5 2. Nf3 Nc6 3. Bb5 a6 4. Bxc6 dxc6 5. O-O Bd6 6. h3 Nf6 7. Re1 Be6 8.
d4 Nd7 9. Bg5 f6 10. Bh4 exd4 11. Nxd4 Kf7 12. Nxe6 Kxe6 13. c3 Kf7 14. Qb3+
Kf8 15. Qxb7 g5 16. Bg3 Bxg3 17. fxg3 Ne5 18. Qb4+ Kg7 19. Qd4 Qb8 20. Nd2 Rd8
21. Qe3 Rd3 22. Qf2 Qxb2 23. Rf1 Qb6 24. Qxb6 cxb6 25. Nf3 Rxc3 26. Nxe5 fxe5
27. Rad1 Ra7 28. Rf5 Rxg3 29. Rxe5 Kf6 30. Rf5+ Ke6 31. Kf2 Ra3 32. Rd2 Rf7 33.
Rxf7 Kxf7 34. Rd7+ Kg8 35. Rd8+ Kf7 36. Rd7+ Ke6 37. Rxh7 Rxa2+ 38. Kf3 Rd2 39.
Rh6+ Ke5 40. Rxc6 Rd3+ 41. Ke2 Rb3 42. Rg6 Kxe4 43. Rxg5 a5 44. Rg4+ 1/2-1/2

[Event "FRA T IV 09-10"]
[Site "Champagne Ardennes"]
[Date "2009.12.13"]
[Round "4.5"]
[White "Fister, Bernard"]
[Black "Fourcart, Marc"]
[Result "1/2-1/2"]
[WhiteElo "1720"]
[BlackElo "1707"]
[PlyCount "88"]
[EventDate "2009.11.26"]
[EventType "match"]
[EventCountry "FRA"]

1. f4 e5 2. fxe5 d6 3. exd6 Bxd6 4. Nf3 Bg4 5. e3 Nc6 6. Be2 Bxf3 7. Bxf3 Qh4+
8. g3 Qh3 9. Qe2 Nf6 10. Qg2 Qd7 11. b3 h5 12. Ba3 O-O-O 13. Bxd6 Qxd6 14. Nc3
Kb8 15. Bxc6 bxc6 16. O-O-O Nd5 17. Nxd5 Qa3+ 18. Kb1 Rxd5 19. d3 Ra5 20. c4
Kb7 21. Qb2 Qxb2+ 22. Kxb2 h4 23. Rdf1 hxg3 24. hxg3 Rxh1 25. Rxh1 Rg5 26. Rg1
c5 27. e4 Kc6 28. Kc3 a5 29. d4 Rg4 30. d5+ Kd6 31. Kd3 Ke5 32. Ke3 Rxe4+ 33.
Kf3 f5 34. Rh1 g5 35. Rh7 g4+ 36. Kf2 Rd4 37. Rxc7 Rd2+ 38. Ke3 Rxa2 39. Rxc5
Rg2 40. d6+ Kxd6 41. Rxf5 Rxg3+ 42. Kf4 Rxb3 43. Rxa5 g3 44. Rg5 Rb4 1/2-1/2

[Event "FRA T IV 09-10"]
[Site "Champagne Ardennes"]
[Date "2009.12.13"]
[Round "4.7"]
[White "Talbot, Remy"]
[Black "Romain, Emeline"]
[Result "1/2-1/2"]
[WhiteElo "1760"]
[BlackElo "1740"]
[PlyCount "50"]
[EventDate "2009.11.26"]
[EventType "match"]
[EventCountry "FRA"]

1. d4 Nf6 2. c4 g6 3. Nc3 Bg7 4. e4 d6 5. Nf3 Nbd7 6. Be2 c5 7. d5 a6 8. O-O
Qc7 9. Rb1 Rb8 10. Bg5 h6 11. Bf4 Nh5 12. Be3 Nhf6 13. Qd2 Ng4 14. Bf4 Nge5 15.
Nxe5 Nxe5 16. Be3 Bg4 17. f3 Bc8 18. b3 Qa5 19. Qc1 Nxc4 20. Bxc4 Qxc3 21. Qxc3
Bxc3 22. f4 b5 23. Be2 e5 24. f5 g5 25. Kh1 f6 1/2-1/2

[Event "FRA T IV 09-10"]
[Site "Champagne Ardennes"]
[Date "2009.12.13"]
[Round "4.1"]
[White "Rouable, Denis"]
[Black "Defrance, Laurent"]
[Result "0-1"]
[WhiteElo "1860"]
[BlackElo "2201"]
[PlyCount "74"]
[EventDate "2009.11.26"]
[EventType "match"]
[EventCountry "FRA"]

1. d4 g6 2. c4 Bg7 3. e4 d6 4. Nc3 Nc6 5. Be3 e5 6. Nge2 Nf6 7. f3 O-O 8. d5
Ne7 9. Qd2 Ne8 10. O-O-O f5 11. Bh6 Nf6 12. Bxg7 Kxg7 13. Ng3 f4 14. Nge2 Bd7
15. Kb1 g5 16. Nc1 Ng6 17. Nd3 g4 18. Be2 gxf3 19. Bxf3 Nh4 20. h3 Nxf3 21.
gxf3 Kh8 22. Rdg1 a6 23. Rg5 Rg8 24. h4 h6 25. Qh2 Qe7 26. Rgg1 Rxg1+ 27. Rxg1
Rg8 28. Rxg8+ Kxg8 29. Ne2 Qg7 30. Ne1 Nh5 31. Kc2 Kf7 32. Kd2 Ng3 33. Nxg3
Qxg3 34. Qxg3 fxg3 35. Ke2 Kg6 36. f4 exf4 37. Kf3 Bh3 0-1

[Event "FRA T IV 09-10"]
[Site "Champagne Ardennes"]
[Date "2009.12.13"]
[Round "4.2"]
[White "Dubuisson, Thomas"]
[Black "Moret, Florian"]
[Result "1-0"]
[WhiteElo "2003"]
[BlackElo "1920"]
[PlyCount "67"]
[EventDate "2009.11.26"]
[EventType "match"]
[EventCountry "FRA"]

1. e4 e5 2. f4 exf4 3. Nf3 g5 4. h4 g4 5. Ng5 d5 6. Be2 h6 7. Nxf7 Kxf7 8. Bxg4
dxe4 9. O-O Bc5+ 10. d4 exd3+ 11. Kh1 Qxh4+ 12. Bh3 Bd6 13. Qxd3 Bxh3 14. gxh3
Nf6 15. Nc3 Rg8 16. Ne2 Rg3 17. Qc4+ Kf8 18. Nxg3 Qxh3+ 19. Kg1 Qxg3+ 20. Kh1
Qh3+ 21. Kg1 Nbd7 22. Bxf4 Bc5+ 23. Rf2 Bxf2+ 24. Kxf2 Qh4+ 25. Kg1 Qg4+ 26.
Kh2 Qh5+ 27. Kg3 Re8 28. Rf1 Qg4+ 29. Kf2 Qf5 30. Kg3 Qg4+ 31. Kf2 Qf5 32. Kg3
Ne4+ 33. Kg2 Qd5 34. Qxd5 1-0

[Event "FRA T IV 09-10"]
[Site "Champagne Ardennes"]
[Date "2009.12.13"]
[Round "4.3"]
[White "Robert Dehault, Etienne"]
[Black "Glod, Philippe"]
[Result "1/2-1/2"]
[WhiteElo "1933"]
[BlackElo "1909"]
[PlyCount "46"]
[EventDate "2009.11.26"]
[EventType "match"]
[EventCountry "FRA"]

1. d4 Nf6 2. Nf3 c5 3. d5 b5 4. Bf4 d6 5. e3 a6 6. Be2 g6 7. O-O Bg7 8. c3 Bb7
9. c4 O-O 10. Nc3 b4 11. Na4 Nbd7 12. Qc2 Ng4 13. e4 Nge5 14. Nxe5 Nxe5 15. Be3
Nd7 16. f4 Qc7 17. Bg4 Bc8 18. Rae1 Nb6 19. Nxb6 Qxb6 20. Bxc8 Raxc8 21. b3 e6
22. Bc1 exd5 23. exd5 Rfe8 1/2-1/2

[Event "FRA T IV 09-10"]
[Site "Champagne Ardennes"]
[Date "2009.12.13"]
[Round "4.4"]
[White "Hanot, Wilfried"]
[Black "Viard, Dominique"]
[Result "1/2-1/2"]
[WhiteElo "1882"]
[BlackElo "1947"]
[PlyCount "68"]
[EventDate "2009.11.26"]
[EventType "match"]
[EventCountry "FRA"]

1. d4 Nf6 2. Nc3 c5 3. d5 e5 4. e4 d6 5. h3 Be7 6. Nf3 O-O 7. Bd3 a6 8. a4 b6
9. O-O Ne8 10. Ne2 g6 11. Nh2 f5 12. exf5 gxf5 13. c4 Ng7 14. Ng3 Ra7 15. Nh5
e4 16. Bc2 Nxh5 17. Qxh5 Bf6 18. Rb1 a5 19. Kh1 Qe8 20. Qxe8 Rxe8 21. Re1 Rae7
22. Nf1 Nd7 23. b3 Bc3 24. Re2 Ne5 25. Bf4 Kf7 26. Bg5 Rb7 27. Bf4 Rbe7 28. Bg5
Rd7 29. Bd2 Bd4 30. Be3 Bxe3 31. Rxe3 Rde7 32. Kg1 Kf6 33. Ng3 Ng6 34. Rbe1 Re5
1/2-1/2

[Event "FRA T IV 09-10"]
[Site "Champagne Ardennes"]
[Date "2009.12.12"]
[Round "4"]
[White "Szylar, Eric"]
[Black "Boillon, Vincent"]
[Result "1-0"]
[WhiteElo "2053"]
[BlackElo "2153"]
[PlyCount "36"]
[EventDate "2009.11.26"]
[EventType "match"]
[EventCountry "FRA"]

1. e4 e6 2. d4 d5 3. Nd2 dxe4 4. Nxe4 Be7 5. Nf3 Nf6 6. Nxf6+ Bxf6 7. Bd3 c5 8.
dxc5 Qa5+ 9. c3 Bxc3+ 10. bxc3 Qxc3+ 11. Qd2 Qxa1 12. O-O Bd7 13. Qc2 Qf6 14.
Bg5 Nc6 15. Bxf6 gxf6 16. Rb1 Rb8 17. Qd2 Ke7 18. Be4 Rhd8 1-0

[Event "FRA T IV 09-10"]
[Site "Champagne Ardennes"]
[Date "2009.12.13"]
[Round "4"]
[White "Aubriet, Laurent"]
[Black "Lassalle, Arnaud"]
[Result "1/2-1/2"]
[WhiteElo "2033"]
[BlackElo "2021"]
[PlyCount "56"]
[EventDate "2009.11.26"]
[EventType "match"]
[EventCountry "FRA"]

1. d4 d5 2. c4 c6 3. Nf3 Nf6 4. e3 e6 5. Nc3 Nbd7 6. Qc2 Be7 7. b3 O-O 8. Bb2
b6 9. cxd5 cxd5 10. Bd3 Bb7 11. Rc1 Rc8 12. Qb1 a6 13. O-O Bd6 14. Ne2 Ne4 15.
Bxe4 dxe4 16. Rxc8 Qxc8 17. Nd2 f5 18. Nc4 Bb8 19. Ba3 Rf6 20. Nd6 Qf8 21. Nxb7
Qxa3 22. Qc2 Qe7 23. Qc8+ Rf8 24. Qc6 h6 25. Nc3 Rf7 26. Na4 Nf6 27. Qc8+ Rf8
28. Qc6 Rf7 1/2-1/2

[Event "FRA T IV 09-10"]
[Site "Champagne Ardennes"]
[Date "2009.12.13"]
[Round "4"]
[White "Truchot, Remi"]
[Black "Delmont, Jean Robert"]
[Result "1-0"]
[WhiteElo "1904"]
[BlackElo "1987"]
[PlyCount "70"]
[EventDate "2009.11.26"]
[EventType "match"]
[EventCountry "FRA"]

1. e4 c5 2. d4 cxd4 3. c3 d5 4. exd5 Qxd5 5. cxd4 Nc6 6. Be3 e5 7. Nc3 Bb4 8.
dxe5 Qxe5 9. Rc1 Be6 10. a3 Rd8 11. Qa4 Bd6 12. Nf3 Qh5 13. Be2 Nge7 14. Ng5
Qg6 15. Nxe6 Qxe6 16. O-O O-O 17. Rfd1 Nf5 18. Bg5 Qe5 19. Rxd6 Qxd6 20. Bxd8
Qd2 21. Rd1 Qxb2 22. Ba5 Nfd4 23. Rxd4 Nxd4 24. Qxd4 Qxa3 25. Bb4 Qa1+ 26. Qd1
Qxd1+ 27. Bxd1 Rc8 28. Ne2 Rc4 29. Bc3 b5 30. Bb3 Re4 31. Kf1 b4 32. f3 Rh4 33.
Be1 Rxh2 34. Bxb4 h5 35. Bc5 h4 1-0

[Event "FRA T IV 09-10"]
[Site "Champagne Ardennes"]
[Date "2009.12.13"]
[Round "4"]
[White "Barreaud, Samuel"]
[Black "Hacene, Ahmed"]
[Result "1-0"]
[WhiteElo "1860"]
[BlackElo "1812"]
[PlyCount "118"]
[EventDate "2009.11.26"]
[EventType "match"]
[EventCountry "FRA"]

1. c4 e6 2. e4 d5 3. cxd5 exd5 4. Qc2 dxe4 5. Qxe4+ Qe7 6. Nc3 Qxe4+ 7. Nxe4
Bf5 8. Ng3 Bg6 9. Nf3 Bd6 10. Bc4 Nd7 11. O-O O-O-O 12. a3 Ngf6 13. b4 Ne5 14.
d3 Nxf3+ 15. gxf3 Be5 16. Ra2 Bxd3 17. Bxd3 Rxd3 18. Kg2 Nd5 19. Re1 f6 20. Ne4
Nc3 21. Rc2 Nb5 22. a4 Nd4 23. Rc4 Nxf3 24. Re3 Rxe3 25. Bxe3 Nh4+ 26. Kh3 Nf5
27. Bxa7 Nd6 28. Nxd6+ Bxd6 29. Be3 Kd7 30. Rg4 g6 31. Kg2 Rf8 32. Rd4 f5 33.
f4 Ra8 34. b5 Ke6 35. Rc4 h6 36. h4 Rg8 37. Kf3 h5 38. Rc1 Kd5 39. a5 Ke6 40.
a6 b6 41. Re1 Kd5 42. Rc1 Bc5 43. Rc2 Re8 44. Re2 Rg8 45. Rc2 Re8 46. Re2 Rg8
47. Rb2 Bxe3 48. Kxe3 c5 49. Kd3 Re8 50. Re2 c4+ 51. Kd2 c3+ 52. Kd3 Rc8 53.
Rc2 Rc5 54. Ra2 Rc8 55. a7 Ra8 56. Kxc3 Ke4 57. Ra4+ Kd5 58. Ra6 Kc5 59. Ra1
Kxb5 1-0